| 000 | 00369nam a22001457a 4500 | ||
|---|---|---|---|
| 003 | OSt | ||
| 005 | 20160727222412.0 | ||
| 008 | 160624b xxu||||| |||| 00| 0 eng d | ||
| 040 | _cTest | ||
| 100 |
_91014 _aRaskin, E |
||
| 245 | _aThe Tattooed Potato and Other Clues | ||
| 260 |
_aN.Y _b E.P.Dutton _c1975 |
||
| 300 | _aThe Tattooed Potato and Other Clues | ||
| 942 |
_2ddc _cBK |
||
| 999 |
_c810 _d810 |
||